Introduction to statistical analysis / (Record no. 184890)

000 -LEADER
fixed length control field 01125 a2200169 4500
003 - CONTROL NUMBER IDENTIFIER
control field Nust
005 - DATE AND TIME OF LATEST TRANSACTION
control field 20230620145159.0
040 ## - CATALOGING SOURCE
Transcribing agency Nust
082 ## - DEWEY DECIMAL CLASSIFICATION NUMBER
Classification number 310,DIX
100 ## - MAIN ENTRY--PERSONAL NAME
Personal name Dixon, Wilfred Joseph
9 (RLIN) 113168
245 ## - TITLE STATEMENT
Title Introduction to statistical analysis /
Remainder of title Wilfrid J. Dixon & Frank J. Massey.
Statement of responsibility, etc. Dixon, Wilfred Joseph,
260 ## - PUBLICATION, DISTRIBUTION, ETC.
Place of publication, distribution, etc. New York
Name of publisher, distributor, etc. , McGraw-Hill,
Date of publication, distribution, etc. 1951.
300 ## - PHYSICAL DESCRIPTION
Extent x, 370 p. illus.
Other physical details 24 cm.
505 ## - FORMATTED CONTENTS NOTE
Formatted contents note Introduction (Page-1), Distributions (Page-4), Introduction to Measure of Central Value (Page-14), Universes and Sample (Page-30), The Normal Distribution (Page-48), Various Measures of Central Value and Dispersion (Page-70), Statistical Inference (Page-88), The Variance (Page-102), The Mean (Page-112), Analysis of Variance (Page-139), Regression and Correlation (Page-189), Analysis of Covariance (Page-209), Enumeration Statics (Page-221), Probability of Accepting a False Hypothesis (Page-244), Marostatistics (Page-262), Microstatistics (Page-272), Nonparametric Statics (Page-280), Sequential Analysis (Page-304), Probability (Page-328).
650 ## - SUBJECT ADDED ENTRY--TOPICAL TERM
Topical term or geographic name entry element statistical
9 (RLIN) 113169
942 ## - ADDED ENTRY ELEMENTS (KOHA)
Source of classification or shelving scheme
Koha item type Book Bank
Holdings
Withdrawn status Lost status Source of classification or shelving scheme Damaged status Not for loan Permanent Location Current Location Shelving location Date acquired Full call number Barcode Date last seen Price effective from Koha item type Public note
          Military College of Signals (MCS) Military College of Signals (MCS) General Stacks 12/12/2016 310,DIX MCS22254 12/08/2016 12/12/2016 Book Almirah No.109, Shelf No.5
          Military College of Signals (MCS) Military College of Signals (MCS) General Stacks 12/12/2016 310,DIX MCS5268 12/08/2016 12/12/2016 Book Almirah No.81, Shelf No.5
© 2023 Central Library, National University of Sciences and Technology. All Rights Reserved.